<?xml version="1.0" encoding="UTF-8"?>
<record
    xmlns:xsi="http://www.w3.org/2001/XMLSchema-instance"
    xsi:schemaLocation="http://www.loc.gov/MARC21/slim http://www.loc.gov/standards/marcxml/schema/MARC21slim.xsd"
    xmlns="http://www.loc.gov/MARC21/slim">

  <leader>01591nam1a2200325 i 4500</leader>
  <controlfield tag="001">RU\NLR\bibl\218504</controlfield>
  <controlfield tag="005">20260407130755.0</controlfield>
  <datafield tag="035" ind1=" " ind2=" ">
    <subfield code="a">(NLR Aleph) 000214589</subfield>
  </datafield>
  <datafield tag="090" ind1=" " ind2=" ">
    <subfield code="a">1246245</subfield>
    <subfield code="c">1246245</subfield>
  </datafield>
  <datafield tag="100" ind1=" " ind2=" ">
    <subfield code="a">20020114g20009999u  y0rusy50      ca</subfield>
  </datafield>
  <datafield tag="101" ind1="0" ind2=" ">
    <subfield code="a">rus</subfield>
  </datafield>
  <datafield tag="102" ind1=" " ind2=" ">
    <subfield code="a">RU</subfield>
  </datafield>
  <datafield tag="105" ind1=" " ind2=" ">
    <subfield code="a">a   |||||||||</subfield>
  </datafield>
  <datafield tag="200" ind1="1" ind2=" ">
    <subfield code="a">&#x418;&#x441;&#x442;&#x43E;&#x440;&#x438;&#x44F; &#x43B;&#x438;&#x442;&#x435;&#x440;&#x430;&#x442;&#x443;&#x440;&#x44B; &#x41A;&#x430;&#x440;&#x435;&#x43B;&#x438;&#x438;</subfield>
    <subfield code="e">[&#x412; 3 &#x442;.</subfield>
    <subfield code="f">&#x415;.&#x418;. &#x41C;&#x430;&#x440;&#x43A;&#x43E;&#x432;&#x430;, &#x415;.&#x413;. &#x421;&#x43E;&#x439;&#x43D;&#x438;, &#x41E;.&#x41F;. &#x418;&#x43B;&#x44E;&#x445;&#x430; &#x438; &#x434;&#x440;.</subfield>
    <subfield code="g">&#x420;&#x435;&#x434;&#x43A;&#x43E;&#x43B;.: &#x41D;.&#x421;. &#x41D;&#x430;&#x434;&#x44A;&#x44F;&#x440;&#x43D;&#x44B;&#x445; (&#x433;&#x43B;. &#x440;&#x435;&#x434;.) &#x438; &#x434;&#x440;.]</subfield>
    <subfield code="g">&#x420;&#x43E;&#x441;. &#x430;&#x43A;&#x430;&#x434;. &#x43D;&#x430;&#x443;&#x43A;, &#x418;&#x43D;-&#x442; &#x43C;&#x438;&#x440;&#x43E;&#x432;&#x43E;&#x439; &#x43B;&#x438;&#x442;. &#x438;&#x43C;. &#x410;.&#x41C;. &#x413;&#x43E;&#x440;&#x44C;&#x43A;&#x43E;&#x433;&#x43E; &#x438; &#x434;&#x440;.</subfield>
  </datafield>
  <datafield tag="210" ind1=" " ind2=" ">
    <subfield code="a">&#x41F;&#x435;&#x442;&#x440;&#x43E;&#x437;&#x430;&#x432;&#x43E;&#x434;&#x441;&#x43A;</subfield>
    <subfield code="c">&#x41A;&#x430;&#x440;&#x435;&#x43B;.&#x43D;&#x430;&#x443;&#x447;. &#x446;&#x435;&#x43D;&#x442;&#x440; &#x420;&#x410;&#x41D;</subfield>
    <subfield code="d">2000</subfield>
  </datafield>
  <datafield tag="215" ind1=" " ind2=" ">
    <subfield code="d">21</subfield>
  </datafield>
  <datafield tag="300" ind1=" " ind2=" ">
    <subfield code="a">&#x412; &#x43D;&#x430;&#x434;&#x437;&#x430;&#x433;. &#x442;&#x430;&#x43A;&#x436;&#x435;: &#x41A;&#x430;&#x440;&#x435;&#x43B;. &#x43D;&#x430;&#x443;&#x447;. &#x446;&#x435;&#x43D;&#x442;&#x440;, &#x418;&#x43D;-&#x442; &#x44F;&#x437;., &#x43B;&#x438;&#x442;. &#x438; &#x438;&#x441;&#x442;&#x43E;&#x440;&#x438;&#x438;</subfield>
  </datafield>
  <datafield tag="463" ind1=" " ind2="0">
    <subfield code="1">001200740</subfield>
  </datafield>
  <datafield tag="606" ind1="0" ind2=" ">
    <subfield code="a">&#x41A;&#x430;&#x440;&#x435;&#x43B;&#x44C;&#x441;&#x43A;&#x430;&#x44F; &#x43B;&#x438;&#x442;&#x435;&#x440;&#x430;&#x442;&#x443;&#x440;&#x430;</subfield>
    <subfield code="9">1310780</subfield>
    <subfield code="3">RU\NLR\auth\66543675</subfield>
  </datafield>
  <datafield tag="686" ind1=" " ind2=" ">
    <subfield code="a">&#x428;5(2=&#x41A;&#x430;&#x440;&#x435;&#x43B;)-3,05</subfield>
  </datafield>
  <datafield tag="701" ind1=" " ind2="1">
    <subfield code="4">070</subfield>
    <subfield code="8">rus</subfield>
    <subfield code="7">ca</subfield>
    <subfield code="a">&#x41C;&#x430;&#x440;&#x43A;&#x43E;&#x432;&#x430;</subfield>
    <subfield code="b">&#x415;. &#x418;.</subfield>
    <subfield code="c">&#x434;-&#x440; &#x444;&#x438;&#x43B;&#x43E;&#x43B;. &#x43D;&#x430;&#x443;&#x43A;, &#x440;&#x443;&#x441;. &#x43B;&#x438;&#x442;&#x435;&#x440;&#x430;&#x442;&#x443;&#x440;&#x430;</subfield>
    <subfield code="f">1947-</subfield>
    <subfield code="g">&#x415;&#x43B;&#x435;&#x43D;&#x430; &#x418;&#x432;&#x430;&#x43D;&#x43E;&#x432;&#x43D;&#x430;</subfield>
    <subfield code="3">RU\NLR\auth\7735784</subfield>
    <subfield code="9">18780</subfield>
  </datafield>
  <datafield tag="701" ind1=" " ind2="1">
    <subfield code="a">&#x421;&#x43E;&#x439;&#x43D;&#x438;</subfield>
    <subfield code="b">&#x415;. &#x413;.</subfield>
    <subfield code="4">070</subfield>
  </datafield>
  <datafield tag="701" ind1=" " ind2="1">
    <subfield code="a">&#x418;&#x43B;&#x44E;&#x445;&#x430;</subfield>
    <subfield code="b">&#x41E;. &#x41F;.</subfield>
    <subfield code="4">070</subfield>
  </datafield>
  <datafield tag="702" ind1=" " ind2="1">
    <subfield code="a">&#x41D;&#x430;&#x434;&#x44A;&#x44F;&#x440;&#x43D;&#x44B;&#x445;</subfield>
    <subfield code="b">&#x41D;. &#x421;.</subfield>
    <subfield code="4">340</subfield>
  </datafield>
  <datafield tag="712" ind1="0" ind2="2">
    <subfield code="4">570</subfield>
    <subfield code="a">&#x418;&#x43D;&#x441;&#x442;&#x438;&#x442;&#x443;&#x442; &#x43C;&#x438;&#x440;&#x43E;&#x432;&#x43E;&#x439; &#x43B;&#x438;&#x442;&#x435;&#x440;&#x430;&#x442;&#x443;&#x440;&#x44B; &#x438;&#x43C;. &#x410;. &#x41C;. &#x413;&#x43E;&#x440;&#x44C;&#x43A;&#x43E;&#x433;&#x43E;</subfield>
    <subfield code="c">&#x41C;&#x43E;&#x441;&#x43A;&#x432;&#x430;</subfield>
    <subfield code="3">RU\NLR\AUTH\889978472</subfield>
    <subfield code="9">453490</subfield>
  </datafield>
  <datafield tag="801" ind1=" " ind2="0">
    <subfield code="a">RU</subfield>
    <subfield code="b">NLR</subfield>
    <subfield code="c">20020114</subfield>
    <subfield code="g">PSBO</subfield>
  </datafield>
  <datafield tag="801" ind1=" " ind2="1">
    <subfield code="a">RU</subfield>
    <subfield code="b">NLR</subfield>
    <subfield code="c">20020114</subfield>
  </datafield>
  <datafield tag="852" ind1=" " ind2=" ">
    <subfield code="a">NLR</subfield>
    <subfield code="j">2001-3/16576</subfield>
  </datafield>
  <datafield tag="942" ind1=" " ind2=" ">
    <subfield code="c">BOOK</subfield>
  </datafield>
</record>
